Premierminister Luxemburgs - Statistiken

Allgemein
  • Dieses Quiz wurde 9 mal gespielt
  • Das Durchschnittsergebnis liegt bei 4 aus 25
Antwortstatistiken
Amtszeit Premierminister % Korrekt
seit 2023 Luc Frieden
86%
1995-2013 Jean-Claude Juncker
71%
1958-1959 Pierre Frieden
71%
2013-2023 Xavier Bettel
71%
1984-1995 Jacques Santer
43%
1926-1937 Joseph Bech
14%
1953-1958 Joseph Bech
14%
1925-1926 Pierre Prüm
14%
1959-1974 Pierre Werner
14%
1979-1984 Pierre Werner
14%
1853-1860 Charles-Mathias Simons
0%
1885-1888 Édouard Thilges
0%
1918-1925 Émile Reuter
0%
1867-1874 Emmanuel Servais
0%
1874-1885 Félix de Blochausen
0%
1848 Gaspard Théodore Ignace de la Fontaine
0%
1974-1979 Gaston Thorn
0%
1915-1916 Hubert Loutsch
0%
1848-1853 Jean-Jacques Willmar
0%
1917-1918 Léon Kauffman
0%
1915 Mathias Mongenast
0%
1888-1915 Paul Eyschen
0%
1937-1953 Pierre Dupong
0%
1860-1867 Victor de Tonarco
0%
1916-1917 Victor Thorn
0%
Keine übereinstimmenden Quizze gefunden
Verteilung der Resultate
Anzahl Personen mit jedem Resultat
Perzentil nach korrekt beantworteten Fragen
Ihre Resultats-Entwicklung
Sie haben dieses Quiz noch nicht gespielt